|
|
|
|
| LEADER |
04058nam a2200469 a 4500 |
| 001 |
13930 |
| 003 |
BD-DhAAL |
| 005 |
20250209120602.0 |
| 008 |
100106s2000 enka b 001 0 eng d |
| 020 |
|
|
|a 9780195655261
|
| 020 |
|
|
|a 0195655265
|
| 040 |
|
|
|a UKM
|c UKM
|d DLC
|d BD-DhAAL
|
| 082 |
0 |
0 |
|a 338.9
|2 21
|
| 100 |
1 |
|
|a Sen, Amartya,
|d 1933-
|9 20387
|
| 245 |
1 |
0 |
|a Development as freedom /
|c Amartya Sen.
|
| 260 |
|
|
|a Oxford ;
|a New York ;
|a New Delhi :
|b Oxford University Press,
|c 2000 [Thirteenth impression 2015, Twentieth impression 2019].
|
| 300 |
|
|
|a xvi, 366 pages :
|b illustrations ;
|c 22 cm.
|
| 500 |
|
|
|a Originally published: 1999.
|
| 504 |
|
|
|a Includes bibliographical references and index.
|
| 505 |
8 |
|
|a Machine generated contents note: Introduction: Development as Freedom -- The Perspective of Fredom -- The ends and the Means of Development -- 3 Freedom and the Foundations of ustice -- 4 Povertyas Capability Deprivation -- Markets, States, nd Social Opportunity -- 6 The Importane of Democracy -- 7 Famines and Other Crises -- S Women'sAgency ndSocial Chnge -- 9 Population, Food and Freedom -- 10 Culture and HumanRights -- 11 Social Choice and Individual Behavior -- Individual Freedom as a Social Commitment -- Notes -- Index.
|
| 526 |
|
|
|a Refugee Studies Unit (RSU),CPJ
|x Salim khan
Sr. program Associate
James P. Grant School.
Course name and no. N/A
|
| 541 |
1 |
|
|a Book Finder International, Book view
|e 13930, 40872, 18408
|
| 650 |
|
0 |
|a Liberty.
|9 20388
|
| 650 |
|
0 |
|a Free enterprise.
|9 20389
|
| 650 |
|
0 |
|a Economic development
|x Social aspects.
|9 20390
|
| 651 |
|
0 |
|a Developing countries
|x Economic conditions.
|9 20391
|
| 852 |
4 |
|
|a Ayesha Abed Library
|j General Stacks
|
| 942 |
0 |
0 |
|0 3
|2 ddc
|c BK
|
| 999 |
|
|
|c 6756
|d 6756
|
| 952 |
|
|
|0 0
|1 0
|2 ddc
|4 0
|6 338_900000000000000_SEN_2005
|7 0
|9 6938
|a BRACUL
|b BRACUL
|c GEN
|d 2010-01-06
|l 11
|m 47
|o 338.9 SEN
|p 3010013930
|r 2025-12-07
|s 2025-11-30
|t 3
|w 2010-01-06
|y BK
|
| 952 |
|
|
|0 0
|1 0
|2 ddc
|4 0
|6 338_900000000000000_SEN_2005
|7 0
|9 6939
|a BRACUL
|b BRACUL
|c GEN
|d 2010-01-06
|l 10
|m 69
|o 338.9 SEN
|p 3010013928
|r 2026-01-11
|s 2025-10-18
|t 1
|w 2010-01-06
|y BK
|
| 952 |
|
|
|0 0
|1 0
|2 ddc
|4 0
|6 338_900000000000000_SEN_2000
|7 0
|9 7141
|a BRACUL
|b BRACUL
|c GEN
|d 2010-01-13
|l 5
|m 28
|o 338.9 SEN
|p 3010007709
|r 2017-02-19
|s 2017-02-14
|t 10
|w 2010-01-13
|y BK
|
| 952 |
|
|
|0 0
|1 0
|2 ddc
|4 0
|6 338_900000000000000_SEN_2000
|7 0
|9 7142
|a JPGSPH
|b JPGSPH
|d 2010-01-13
|e Book View
|g 300.00
|l 0
|o 338.9 SEN
|p 3060018408
|r 2010-01-13
|t 2
|w 0000-00-00
|y BK
|
| 952 |
|
|
|0 0
|1 0
|2 ddc
|4 0
|6 338_900000000000000_SEN_2005
|7 0
|9 7929
|a BRACUL
|b BRACUL
|c GEN
|d 2010-02-09
|l 4
|m 40
|o 338.9 SEN
|p 3010013929
|q 2025-10-08
|r 2024-02-28
|s 2024-02-28
|t 11
|w 2010-02-09
|y BK
|
| 952 |
|
|
|0 0
|1 0
|2 ddc
|4 0
|6 338_900000000000000_SEN
|7 0
|9 18772
|a JPGSPH
|b JPGSPH
|c GEN
|d 2011-12-07
|l 0
|o 338.9 SEN
|p 3060023936
|r 2011-12-07
|t 4
|w 2011-12-07
|y BK
|
| 952 |
|
|
|0 0
|1 0
|2 ddc
|4 0
|6 338_900000000000000_SEN_2005
|7 0
|9 18775
|a JPGSPH
|b JPGSPH
|c GEN
|d 2011-12-07
|l 0
|o 338.9 SEN
|p 3060023937
|r 2011-12-07
|t 5
|w 2011-12-07
|y BK
|
| 952 |
|
|
|0 0
|1 0
|2 ddc
|4 0
|6 338_900000000000000_SEN
|7 0
|9 56009
|a SCL
|b SCL
|c GEN
|d 2015-09-20
|l 0
|o 338.9 SEN
|p 3020004531
|r 2024-06-08
|t 12
|w 2015-09-20
|y BK
|
| 952 |
|
|
|0 0
|1 0
|2 ddc
|4 0
|6 338_900000000000000_SEN
|7 0
|9 59568
|a BRACUL
|b BRACUL
|c GEN
|d 2016-08-23
|e Trim Education
|g 579.00
|l 7
|m 83
|o 338.9 SEN
|p 3010031230
|q 2026-06-02
|r 2026-04-11
|s 2026-04-11
|t 6
|w 2016-08-23
|y BK
|
| 952 |
|
|
|0 0
|1 0
|2 ddc
|4 0
|6 338_900000000000000_SEN
|7 0
|9 59569
|a BRACUL
|b BRACUL
|c GEN
|d 2016-08-23
|e Trim Education
|g 579.00
|l 11
|m 110
|o 338.9 SEN
|p 3010031231
|q 2026-07-06
|r 2025-07-13
|s 2025-07-13
|t 7
|w 2016-08-23
|y BK
|
| 952 |
|
|
|0 0
|1 0
|2 ddc
|4 0
|6 338_900000000000000_SEN
|7 1
|9 71125
|a BRACUL
|b BRACUL
|c CS1
|d 2022-06-28
|e Donated by Akbar Ali Khan
|l 0
|o 338.9 SEN
|p 3010039059
|r 2022-06-28
|t 14
|w 2022-06-28
|y BK
|
| 952 |
|
|
|0 0
|1 0
|2 ddc
|4 0
|6 338_900000000000000_SEN
|7 0
|9 73133
|a CPJ
|b CPJ
|c RSU
|d 2023-02-07
|e Book Finder International
|g 687.09
|l 0
|o 338.9 SEN
|p 3030040872
|r 2023-02-07
|t 8
|v 687.09
|w 2023-02-07
|y BK
|
| 952 |
|
|
|0 0
|1 0
|2 ddc
|4 0
|6 338_900000000000000_SEN
|7 0
|9 74158
|a BIED
|b BIED
|c GEN
|d 2023-08-03
|e Book Finder International
|g 1544.31
|l 0
|o 338.9 SEN
|p 3070041650
|r 2023-08-03
|t 9
|v 1544.31
|w 2023-08-03
|y BK
|